000 01221cam a2200241 4500
001 WB3931-14
008 030821n2003 000 0 eng u
035 _a(Sirsi) u123330
245 _aRICS UK Economic Brief - August 2003
260 _c2003
490 _aRICS UK Economic Brief
_vAugust 2003, 1-8(8)
520 _aThe August brief published by the RICS Policy Unit shows the UK economy rebounding mildly during the second quarter with a benign inflation outlook likely to keep interest rates on hold to the end of the year. Reviews the commercial property, construction and residential property markets. Commercial property rents are expected to fall 1.2% this year before recovering modestly in 2004. Private housing starts have strengthened in the second quarter and house price data indicate that the market continues to demonstrate modest strength in the simmer months.
590 _aWB
650 _aRICS UK ECONOMIC BRIEF
650 _aCOMMERCIAL RENTS
650 _aINTEREST RATES
650 _aPROPERTY-COMMERCIAL PROPERTY-COMMERCIAL PROPERTY MARKET
650 _aCONSTRUCTION MARKET
650 _aRESIDENTIAL PROPERTY MARKET
650 _aECONOMY
690 _aECONOMIC ISSUES
942 _n0
999 _c73264
_d73264